|
|
|
|
| LEADER |
00000njm a2200000 4500 |
| 001 |
vtls012255190 |
| 003 |
SK-MaSNL |
| 005 |
20260331212621.0 |
| 007 |
s cm p a |
| 008 |
240423t1974 xo g 000 0 slo |
| 015 |
|
|
|a SNBJ1974
|
| 028 |
1 |
1 |
|a 90 34 0123
|b OPUS
|
| 028 |
2 |
1 |
|a OC 1126/A B
|b OPUS
|
| 028 |
2 |
1 |
|a OC 1127/A A
|b OPUS
|
| 040 |
|
|
|a SNK
|b slo
|c SNK
|e rda
|
| 041 |
0 |
|
|a slo
|
| 044 |
|
|
|a xo
|c SK
|
| 072 |
|
7 |
|a 78
|x Hudba
|2 konspekt
|
| 080 |
|
|
|a (086.72)
|2 2011
|
| 100 |
1 |
|
|a Baláž, Karol,
|4 sng
|9 7704
|
| 245 |
1 |
0 |
|a Záhorácka pesnička : Chalúpka malá : Družstevnícka polka : Takú nám hudba zahraj
|c Sp. K. Baláž ; K. Vlach ; A. Baláž
|
| 264 |
|
1 |
|a Bratislava
|b Opus
|c [1974]
|
| 264 |
|
4 |
|c Ⓟ1974
|
| 300 |
|
|
|a 1 gramofónová platňa
|c 18 cm
|
| 336 |
|
|
|a hraná hudba
|b prm
|2 rdacontent
|
| 337 |
|
|
|a audio
|b s
|2 rdamedia
|
| 338 |
|
|
|a audiodisk
|b sd
|2 rdacarrier
|
| 500 |
|
|
|a Gramoplatňa má 4 skladby
|
| 655 |
|
7 |
|a gramofónové platne
|2 SNKPH
|9 74608
|
| 655 |
|
7 |
|a Gramophone records
|2 SNKPHeng
|9 286457
|
| 700 |
1 |
|
|a Vlach, Karel,
|d 1911-1986
|4 cnd
|9 365862
|
| 700 |
1 |
|
|a Baláž, Aladár,
|4 cmp
|9 758267
|
| 740 |
0 |
2 |
|a Chalúpka malá
|
| 740 |
0 |
2 |
|a Družstevnícka polka
|
| 740 |
0 |
2 |
|a Takú nám hudba zahraj
|
| 958 |
|
|
|a GP
|
| 999 |
|
|
|c 1197607
|d 1199537
|
| 952 |
|
|
|a SNK
|b SNK
|y PREZ
|7 0
|p 17A1422048
|o snk45-777
|i snk5329/74
|0 0
|1 0
|4 0
|d 2024-04-23
|l 0
|r 2026-02-24 22:31:40
|w 2026-02-24
|
| 952 |
|
|
|a SNKMST
|b SNKMST
|y PREZ
|7 0
|p 17A1422049
|o snk45-777 D1
|i snk5297/74
|0 0
|1 0
|4 0
|d 2024-04-23
|l 0
|r 2026-02-24 22:31:40
|w 2026-02-24
|